Jelentős támogatást kapott Szeged az Alzheimer-kór vizsgálatára
Elmentve itt :
| Dokumentumtípus: | Cikk |
|---|---|
| Megjelent: |
2023-11-05
|
| Sorozat: | SzegedMa.hu
|
| Kulcsszavak: | Projekt, Kutatás - Alzheimer-kór és cukoranyagcsere zavarainak összefüggései, Kutatás - gyógyszerkutatás, Fejlesztés - diabetikus élelmiszeripari termékek, Együttműködés - konzorcium - Pharmacoidea Kft. - Lissé Kft. - Szegedi Biológiai Kutatóközpont (SZBK), Mérnöki Kar - MK, Betegellátás - Alzheimer-kór, Innováció |
| Online Access: | http://univ.bibl.u-szeged.hu/68148 |
| LEADER | 00972nab a2200157 i 4500 | ||
|---|---|---|---|
| 001 | univ68148 | ||
| 005 | 20231107093235.0 | ||
| 008 | 231107s2023 hu o 0|| hun d | ||
| 040 | |a SZTE UnivHistória Repozitórium |b hun | ||
| 041 | |a hun | ||
| 245 | 0 | 0 | |a Jelentős támogatást kapott Szeged az Alzheimer-kór vizsgálatára |h [elektronikus dokumentum] |
| 260 | |c 2023-11-05 | ||
| 490 | 0 | |a SzegedMa.hu | |
| 561 | |a Egyetemi hirarchívum | ||
| 695 | |a Projekt, Kutatás - Alzheimer-kór és cukoranyagcsere zavarainak összefüggései, Kutatás - gyógyszerkutatás, Fejlesztés - diabetikus élelmiszeripari termékek, Együttműködés - konzorcium - Pharmacoidea Kft. - Lissé Kft. - Szegedi Biológiai Kutatóközpont (SZBK), Mérnöki Kar - MK, Betegellátás - Alzheimer-kór, Innováció | ||
| 856 | 4 | 0 | |u http://univ.bibl.u-szeged.hu/68148/1/Jelent%C5%91s%20t%C3%A1mogat%C3%A1st%20kapott%20Szeged%20az%20Alzheimer-k%C3%B3r%20vizsg%C3%A1lat%C3%A1ra%20_%20Szeged%20Ma.pdf |z Dokumentum-elérés |